Daň z přidané hodnoty 2000
Úplné znenie zákona č. 588/1992 Zb., o dani z pridanej hodnoty, s komentárom, platný v Českej republike, s účinnosťou od 1.4. 2000
Gespeichert in:
| 1. Verfasser: | |
|---|---|
| Format: | Buchkapitel |
| Sprache: | Tschechisch |
| Schlagworte: | |
| Tags: |
Keine Tags, Fügen Sie das erste Tag hinzu!
|
MARC
| LEADER | 00000naa a2200000 4500 | ||
|---|---|---|---|
| 001 | r037527 | ||
| 005 | 20230920100810.9 | ||
| 041 | 0 | |a cze | |
| 044 | |a CZ | ||
| 245 | 1 | 0 | |a Daň z přidané hodnoty 2000 |c Milan Tomíček |
| 520 | |a Úplné znenie zákona č. 588/1992 Zb., o dani z pridanej hodnoty, s komentárom, platný v Českej republike, s účinnosťou od 1.4. 2000 | ||
| 610 | 2 | 0 | |a dane z hodnoty pridanej |
| 610 | 2 | 0 | |a zákony |
| 610 | 2 | 0 | |a komentáre |
| 610 | 2 | 0 | |a novelizácia |
| 610 | 2 | 0 | |a Česko |
| 610 | 2 | 0 | |a 2000 |
| 100 | 1 | |a Tomíček, Milan | |